100 Biggest Cities of Armenia on a Map - Statistics

General Stats
  • This quiz has been taken 171 times
  • The average score is 41 of 100
Answers on the Map
Answers color-coded by a green-red scale on the quiz's map according to % correct below.
 
Answer Stats
Population City % Correct
1,086,677 Yerevan
99%
121,976 Gyumri
81%
86,199 Vanadzor
67%
43,190 Kapan
63%
19,229 Sevan
63%
20,235 | 7,609 Ararat
62%
29,319 Armavir
62%
46,540 Vagharshapat
58%
17,712 Dilijan
57%
20,591 Goris
57%
4,628 Jermuk
55%
22,269 Artashat
54%
12,881 Spitak
54%
4,580 Meghri
53%
43,495 Abovyan
52%
21,081 Ijevan
52%
18,834 Ashtarak
51%
12,894 Martuni
51%
41,875 Hrazdan
50%
14,894 Sisian
50%
5,310 Noyemberyan
49%
12,685 Vardenis
49%
7,944 Yeghegnadzor
49%
13,343 Alaverdi
48%
20,215 Masis
48%
6,451 Aparan
47%
20,765 Gavar
47%
5,310 Talin
47%
13,086 Stepanavan
46%
5,877 Vayk
46%
19,534 Artik
45%
6,910 Garni
45%
7,163 Kajaran
45%
7,773 Tashir
45%
7,957 Berd
44%
5,398 Maralik
44%
5,850 Chambarak
43%
11,384 Vedi
43%
4,429 Agarak
42%
9,191 Metsamor
42%
20,363 Charentsavan
41%
11,672 Yeghvard
41%
5,053 Aragatsavan
40%
4,345 Byurakan
40%
5,147 Proshyan
40%
3,943 Tsovagyugh
40%
4,460 Malishka
39%
6,732 Noratus
39%
4,048 Odzun
39%
5,479 Zovuni
39%
4,258 Achajur
38%
7,113 Akhuryan
38%
6,220 Arinj
38%
3,791 Haghartsin
38%
9,880 Vardenik
38%
8,376 Ayntap
37%
9,513 Byureghavan
37%
5,584 Parakar
37%
4,535 Mkhchyan
36%
4,993 Mrgashat
36%
4,780 Oshakan
36%
5,010 Verin Getashen
36%
7,198 Jrvezh
35%
5,186 Kasakh
35%
4,168 Voskevaz
35%
8,553 Nerkin Getashen
34%
4,929 Avshar
33%
4,863 Nalbandyan
33%
9,307 Nor Hachen
33%
7,366 Nor Kharberd
33%
8,309 Sarukhan
33%
5,417 Lichk
32%
5,319 Nor Geghi
32%
5,115 Tsovinar
32%
4,420 Koghb
31%
5,479 Yeranos
31%
3,666 Karbi
30%
4,964 Karmirgyugh
30%
4,036 Myasnikyan
30%
5,192 Sardarapat
30%
4,808 Vosketap
30%
4,737 Dzoragyugh
29%
4,278 Gugark
29%
4,969 Lchashen
29%
6,381 Zolakar
29%
3,752 Shahumyan
28%
4,443 Akunk
27%
4,250 Arshaluys
27%
4,471 Karakert
27%
4,578 Metsavan
27%
4,334 Verin Artashat
27%
4,838 Azatan
26%
3,975 Dalarik
26%
3,937 Geghashen
26%
5,753 Geghhovit
26%
4,215 Astghadzor
24%
4,267 Vaghashen
24%
3,914 Aygavan
23%
3,815 Gandzak
23%
No matching quizzes found
Score Distribution
Percent of People with Each Score
Percentile by Number Answered
Your Score History
You have not taken this quiz